Brasil hoy / (Record no. 8011)

MARC details
000 -LEADER
campo de control de longitud fija 00918cam a2200301Ii 4500
001 - NÚMERO DE CONTROL
campo de control 102463
005 - FECHA Y HORA DE LA ÚLTIMA TRANSACCIÓN
campo de control 20230404125943.0
008 - DATOS DE LONGITUD FIJA--INFORMACIÓN GENERAL
campo de control de longitud fija 760506s1972 mx 000 0 spa d
035 ## - NÚMERO DE CONTROL DEL SISTEMA
Número de control de sistema (OCoLC)ocm02160444
040 ## - FUENTE DE CATALOGACIÓN
Centro catalogador/agencia de origen VYL
Centro/agencia transcriptor VYL
Centro/agencia modificador OCL
-- OCLCQ
035 ## - NÚMERO DE CONTROL DEL SISTEMA
Número de control de sistema (OCoLC)2160444
041 1# - CÓDIGO DE IDIOMA
Código de lengua del texto/banda sonora o título independiente spa
Código de lengua original fre
043 ## - CÓDIGO DE ÁREA GEOGRÁFICA
Código de área geográfica s-bl---
050 14 - SIGNATURA TOPOGRÁFICA DE LA BIBLIOTECA DEL CONGRESO
Número de clasificación 103 F 2508
Número de ítem B823 1972
245 00 - MENCIÓN DEL TÍTULO
Título Brasil hoy /
Mención de responsabilidad, etc. Celso Furtado ... [et al.] ; traducción de Rosa Cusminsky de Cendrero ... [et al.]
250 ## - MENCION DE EDICION
Mención de edición 3a ed.
260 ## - PUBLICACIÓN, DISTRIBUCIÓN, ETC.
Lugar de publicación, distribución, etc. Mexico :
Nombre del editor, distribuidor, etc. Siglo Veintiuno Editores,
Fecha de publicación, distribución, etc. 1972.
300 ## - DESCRIPCIÓN FÍSICA
Extensión vii, 215 p. ;
Dimensiones 19 cm.
490 0# - MENCIÓN DE SERIE
Mención de serie El mundo del hombre : sociologia y politica
500 ## - NOTA GENERAL
Nota general Translation of Le Bresil.
651 #0 - PUNTO DE ACCESO ADICIONAL DE MATERIA--NOMBRE GEOGRÁFICO
Nombre geográfico Brazil
Subdivisión general Politics and government
651 #0 - PUNTO DE ACCESO ADICIONAL DE MATERIA--NOMBRE GEOGRÁFICO
Nombre geográfico Brazil
Subdivisión general Civilization
700 1# - ENTRADA AGREGADA--NOMBRE PERSONAL
Nombre de persona Furtado, Celso.
700 1# - ENTRADA AGREGADA--NOMBRE PERSONAL
Nombre de persona Cusminsky de Cendrero, Rosa,
Término indicativo de función/relación trad.
942 ## - ELEMENTOS DE ENTRADA SECUNDARIOS (KOHA)
Fuente del sistema de clasificación o colocación Clasificación de Library of Congress
Tipo de ítem Koha
946 ## - PROCESAMIENTO DE INFORMACIÓN LOCAL (OCLC)
a KK
994 ## -
-- C0
-- DRFGD
Holdings
Estatus retirado Estado de pérdida Fuente del sistema de clasificación o colocación Estado de daño No para préstamo Colección Biblioteca de origen Biblioteca actual Ubicación en estantería Fecha de adquisición Serial enumeration / chronology Total checkouts Signatura topográfica completa Código de barras Visto por última vez Copia número Precio de reemplazo Tipo de ítem Koha
    Clasificación de Library of Congress     Recursos Regionales Biblioteca Juan Bosch Biblioteca Juan Bosch Recursos Regionales (2do. Piso) 04/04/2023 1   103 F 2508 B823 1972 00000095671 23/10/2018 1 23/10/2018